Guess the IPL team by the player - Statistics

General Stats
  • This quiz has been taken 99 times
  • The average score is 16 of 17
Answer Stats
Player Team % Correct
Mitchell Starc DC
99%
Faf Du Plessis DC
99%
Mohit Sharma DC
99%
KL Rahul DC
99%
Trent Boult MI
99%
Khaleel Ahmed CSK
98%
Vijay Shankar CSK
98%
Bhuvneshwar Kumar RCB
98%
Liam Livingstone RCB
98%
Tim David RCB
98%
Rishabh Pant LSG
97%
Aiden Markram LSG
97%
Atharva Taide SRH
97%
Ishan Kishan SRH
97%
Rahul Chahar SRH
97%
Tushar Deshpande RR
95%
Washington Sundar PBKS
63%
No matching quizzes found
Score Distribution
Percent of People with Each Score
Percentile by Number Answered
Your Score History
You have not taken this quiz